[Event "CHN Team Men 2018"]
[Site "Hangzhou CHN"]
[Date "2018.06.20"]
[Round "2.3"]
[White "Chu Wei Chao"]
[Black "Yu Ruiyuan"]
[Result "0-1"]
[WhiteElo "2399"]
[BlackElo "2494"]

1.d4 d5 2.c4 dxc4 3.e4 Nf6 4.Nc3 e5 5.Nf3 exd4 6.Qxd4 Qxd4 7.Nxd4 Bc5 8.Ndb5 Na6
9.Bf4 c6 10.Nd6+ Bxd6 11.Bxd6 Be6 12.f4 O-O-O 13.O-O-O Ne8 14.Be7 Rxd1+ 15.Nxd1 f6
16.Ne3 b5 17.b3 cxb3 18.axb3 Bxb3 19.Be2 Nec7 20.Nf5 Ne6 21.Kb2 Ba4 22.Bg4 h5
23.Bh3 Nxf4 24.Nxg7+ Nxh3 25.gxh3 Rh6 26.Rg1 c5 27.Nf5 Rh7 28.Rg6 c4 29.Rxf6 Nc7
30.Bb4 Kb8 31.e5 Nd5 32.Rf8+ Kb7 33.e6 Rc7 34.Bd6 c3+ 35.Kc1 Rc4 36.e7 Nxe7
37.Bxe7 Kc7 38.Bd8+ Kd7 39.Ba5 b4 40.Rd8+ Ke6 41.Rd4 Rxd4 42.Nxd4+ Kd5 43.Ne2 Kc4
44.h4 Bc6 45.Bd8 Bf3 46.Nxc3 Kxc3 47.Ba5 Be4 48.Bd8 Kb3 49.Ba5 Ka3 50.Bd8 b3
51.Bf6 Ka2  0-1

[Event "22nd Voronezh Master Open"]
[Site "Voronezh RUS"]
[Date "2018.06.20"]
[Round "8.15"]
[White "Karpenko,Artem"]
[Black "Belyakov,B"]
[Result "1/2-1/2"]
[WhiteElo "2374"]
[BlackElo "2490"]

1.d4 d5 2.c4 dxc4 3.e4 Nf6 4.e5 Nd5 5.Bxc4 Nb6 6.Bd3 Nc6 7.Ne2 Bg4 8.f3 Be6
9.Nbc3 Qd7 10.Ne4 Bd5 11.Nc5 Qc8 12.a3 e6 13.Qc2 Bxc5 14.Qxc5 Qd7 15.Bd2 a6
16.Qc2 h6 17.Rc1 O-O-O 18.O-O Kb8 19.Be3 Na5 20.Bf2 Bc4 21.Be4 Bxe2 22.Qxe2 Nb3
23.Rcd1 Nd5 24.Qc2 Na5 25.b4 Nc6 26.Rb1 Nce7 27.Rfc1 f5 28.Bd3 g5 29.Qd2 c6
30.a4 b5 31.Ra1 Kb7 32.Ra3 Ra8 33.Bc2 Nc8 34.Bb3 Ncb6 35.a5 Nc8 36.Bxd5 Qxd5
37.Rc5 Qd7 38.d5 exd5 39.Rac3 Ne7 40.Qd4 Qc7 41.Rc1 Rhg8 42.R5c3 Rg6 43.Qd2 Re6
44.Bc5 Rc8 45.Bd6 Qd8 46.g3 f4 47.gxf4 Nf5 48.Rxc6 Rxc6 49.Rxc6 Kxc6 50.Qc2+ Kd7
51.Qxf5 Qg8 52.Qg4 h5 53.Qg2 Rg6 54.f5 Rxd6 55.exd6 Qg7 56.Qf2 Qa1+ 57.Kg2 Kxd6
58.Qb6+ Ke5 59.Qe6+ Kf4 60.Qxd5 Qb2+ 61.Kf1 Qb1+ 62.Ke2 Qc2+ 63.Kf1 Qxf5
64.Qxf5+ Kxf5 65.Ke2 Kf4 66.Kf2 g4 67.fxg4 Kxg4 68.Kg2 Kf4 69.Kh3 Ke4 70.Kh4 Kd4
71.Kxh5 Kc4 72.Kg4 Kxb4 73.h4 Kxa5 74.Kf3 b4 75.Ke2 Ka4 76.h5 b3 77.h6 b2
78.h7 b1=Q 79.h8=Q Qc2+ 80.Ke1 a5 81.Qd4+ Ka3 82.Qd6+ Kb3 83.Qb6+ Ka4 84.Qd4+  1/2-1/2

[Event "CHN Team Women 2018"]
[Site "Hangzhou CHN"]
[Date "2018.06.21"]
[Round "4.5"]
[White "Chu,Ruotong"]
[Black "Zhao,Shengxin"]
[Result "1/2-1/2"]
[WhiteElo "2247"]
[BlackElo "2149"]

1.d4 d5 2.c4 dxc4 3.e4 c5 4.d5 e6 5.Bxc4 Nf6 6.Nc3 exd5 7.exd5 Bd6 8.Qe2+ Be7
9.Nf3 O-O 10.O-O a6 11.a4 Re8 12.Qd3 Bg4 13.Bg5 Bxf3 14.Qxf3 Nbd7 15.Bf4 Nb6
16.Bb3 Bd6 17.Bg5 Be5 18.Rad1 Qd6 19.Bxf6 Qxf6 20.Qxf6 Bxf6 21.a5 Nd7 22.Ba4 Rad8
23.Bxd7 Rxd7 24.Na4 Bd4 25.Nb6 Rd6 26.b4 Re2 27.Rc1 c4 28.Rxc4 Bxb6 29.axb6 g5
30.f4 Rxd5 31.fxg5  1/2-1/2

[Event "CHN Team Men 2018"]
[Site "Hangzhou CHN"]
[Date "2018.06.22"]
[Round "6.3"]
[White "Lei Tingjie"]
[Black "Bu Xiangzhi"]
[Result "0-1"]
[WhiteElo "2530"]
[BlackElo "2718"]

1.d4 d5 2.c4 dxc4 3.e4 e5 4.Nf3 exd4 5.Bxc4 Bb4+ 6.Bd2 Bxd2+ 7.Nbxd2 Nc6
8.O-O Qf6 9.e5 Qg6 10.Re1 Nge7 11.b4 O-O 12.e6 Bxe6 13.Bxe6 fxe6 14.b5 Nb4
15.Nxd4 Ned5 16.Rxe6 Qd3 17.Ne4 Qxd1+ 18.Rxd1 Nxa2 19.Re5 Nab4 20.Ne6 Rfe8
21.N4c5 b6 22.Na6 Re7 23.Nexc7 Rxe5 24.Nxa8 Nxa6 25.bxa6 g5 26.g3 b5 27.f4 gxf4
28.gxf4 Rf5 29.Rc1 b4 30.Rc5 Ne3 31.Rc7 Rxf4 32.h3 Rf7 33.Rb7 Nd5 34.Rb5 Rd7
35.Rb7 Rd6 36.Kg2 Rxa6 37.Kf3 Nb6 38.Nc7 b3 39.Ne6 b2 40.Rg7+ Kh8  0-1

[Event "22nd Gioiosa Marea Open"]
[Site "Gioiosa Marea ITA"]
[Date "2018.06.24"]
[Round "9.1"]
[White "Petkov,V"]
[Black "Marzaduri,Riccardo"]
[Result "1-0"]
[WhiteElo "2490"]
[BlackElo "2104"]

1.d4 d5 2.c4 dxc4 3.e4 Nf6 4.e5 Nd5 5.Bxc4 Nb6 6.Bd3 Nc6 7.Ne2 Bg4 8.f3 Bh5
9.Nbc3 e6 10.Be3 Nb4 11.Be4 N4d5 12.Nxd5 exd5 13.Bd3 Bg6 14.O-O Qd7 15.b3 Be7
16.f4 Bxd3 17.Qxd3 f5 18.exf6 Bxf6 19.f5 O-O 20.Nf4 Rae8 21.Ne6 Rf7 22.Rae1 Nc8
23.Bf4 c6 24.g4 Bh4 25.Re2 h6 26.Qh3 Bf6 27.Qg3 c5 28.dxc5 Qb5 29.Rfe1 Qb4
30.Bd2 Qa3 31.h4 Ne7 32.Kh1 Rc8 33.g5 Nxf5 34.Qg4 Bb2 35.gxh6 Re8 36.h7+  1-0

[Event "ChessAmateur Minsk 2018"]
[Site "Minsk BLR"]
[Date "2018.06.25"]
[Round "1.38"]
[White "Stroganova,Karina"]
[Black "Cherepov,A"]
[Result "0-1"]
[WhiteElo "1662"]
[BlackElo "2175"]

1.d4 d5 2.c4 dxc4 3.e4 c5 4.Bxc4 cxd4 5.Nf3 Nc6 6.O-O a6 7.a4 e6 8.e5 Nge7
9.Nbd2 Ng6 10.Re1 Qc7 11.Qe2 Bb4 12.b3 O-O 13.Bb2 Ngxe5 14.Nxe5 Qxe5 15.Qxe5 Nxe5
16.Rxe5 Bxd2 17.Rd1 Bf4 18.Re4 Bc7 19.Rexd4 Be5 20.R4d2 Bxb2 21.Rxb2 Re8
22.Rbd2 Kf8 23.a5 e5 24.Rd8 Bf5 25.Rxa8 Rxa8 26.Re1 Rd8 27.f3 f6 28.Rc1 Ke7
29.Be2 Rd2 30.Kf1 Kd6 31.b4 Rb2 32.Rc4 g5 33.Rc3 Rxb4 34.Ra3 h5 35.h3 h4
36.Kf2 Rb2 37.Kf1 Bd7 38.Bd3 Rd2 39.Be4 Bc6 40.Bf5 Bb5+ 41.Kg1 Kc5 42.Be4 Bc6
43.Bf5 Bd5 44.Rc3+ Kb4 45.Rc8 Bc6  0-1

[Event "14th Baltic Pearl Open"]
[Site "Lazy POL"]
[Date "2018.06.28"]
[Round "5.15"]
[White "Karwacki,Piotr"]
[Black "Madej,Marek"]
[Result "0-1"]
[WhiteElo "1828"]
[BlackElo "1786"]

1.d4 d5 2.c4 dxc4 3.e4 e5 4.Nf3 Bg4 5.Bxc4 Nf6 6.Bxf7+ Ke7 7.Qb3 Nc6 8.h3 Na5
9.Qa3+ Kxf7 10.Ng5+ Ke8 11.Qxa5 Qxd4 12.O-O h6 13.Qb5+ Qd7 14.Qxe5+ Be7 15.hxg4 hxg5
16.Qxg5 Kf7 17.Qf5 Qc6 18.Nc3 Rh7 19.Ne2 Rah8 20.Ng3 Bd6 21.Nh5 Rxh5 22.gxh5 Rxh5
23.Qf3 Bh2+ 24.Kh1 Qd6 25.g4 Bg1+  0-1

[Event "XVIII Profigaia Open 2018"]
[Site "Vila Nova de Gaia POR"]
[Date "2018.06.29"]
[Round "3.29"]
[White "Sarabando,Rodrigo Andias"]
[Black "Silva,Jose Lucas Ferreira"]
[Result "1-0"]
[WhiteElo "1390"]
[BlackElo "1075"]

1.d4 d5 2.c4 dxc4 3.e4 c5 4.d5 e5 5.Bxc4 Nf6 6.Nc3 a6 7.a4 h6 8.Nf3 Nbd7
9.a5 b5 10.axb6 Nxb6 11.Nxe5 Bd6 12.Nc6 Qc7 13.Bd3 Bxh2 14.Be3 Bd6 15.Qd2 Ng4
16.Ke2 Nxe3 17.fxe3 Bg4+ 18.Kf1 Bg3 19.Be2 Bd7 20.Na5 O-O 21.Nb3 f5 22.Bf3 fxe4
23.Nxe4 Rad8 24.d6 Bb5+ 25.Kg1 Bxd6 26.Nxd6 Rxd6 27.Qc2 Bd3 28.Qxc5 Qb8 29.Nd4 Rg6
30.Nc6 Nd7 31.Qd5+  1-0

[Event "Gold Coast Open 2018"]
[Site "Gold Coast AUS"]
[Date "2018.07.02"]
[Round "9.4"]
[White "Illingworth,M"]
[Black "Izzat,Kanan"]
[Result "0-1"]
[WhiteElo "2524"]
[BlackElo "2484"]

1.d4 d5 2.c4 dxc4 3.e4 b5 4.a4 c6 5.axb5 cxb5 6.Nc3 a6 7.Nxb5 axb5 8.Rxa8 Bb7
9.Ra1 e6 10.Ne2 f5 11.Nc3 Bb4 12.exf5 Nf6 13.fxe6 O-O 14.Be3 Qe7 15.Be2 Bxg2
16.Rg1 Bd5 17.Bd2 Nc6 18.Nxd5 Nxd5 19.Bxb4 Ncxb4 20.Qd2 Qxe6 21.Ra7 g6 22.Qh6 Ne7
23.Rg3 Qe4 24.f3 Nd3+ 25.Kf1 Qxd4 26.Bxd3 Qxa7 27.Be4 Qa1+ 28.Kg2 Qxb2+ 29.Kh1 Qe5
30.Rg5 Qf4 31.Qh5 c3 32.Rg1 Nf5 33.Qh3 b4 34.Rd1 Nh4 35.Qe6+ Kh8 36.Rf1 Rd8
37.Ra1 c2  0-1

[Event "46th Annual World Open"]
[Site "Philadelphia USA"]
[Date "2018.07.05"]
[Round "3"]
[White "Flom,Gabriel"]
[Black "Easton,Jack"]
[Result "1-0"]
[WhiteElo "2515"]
[BlackElo "2238"]

1.d4 d5 2.c4 dxc4 3.e4 e5 4.Nf3 exd4 5.Bxc4 Bb4+ 6.Nbd2 Nc6 7.O-O Nf6 8.a3 Be7
9.Re1 O-O 10.h3 Na5 11.Bd3 c5 12.Qc2 h6 13.Nc4 b5 14.Nxa5 Qxa5 15.b4 cxb4
16.Qe2 Be6 17.Nxd4 Bc4 18.e5 Bxd3 19.Qxd3 Nh7 20.Nf5 Bg5 21.f4 Bd8 22.Bd2 Qb6+
23.Be3 Qe6 24.axb4 Bb6 25.Bxb6 axb6 26.Rxa8 Rxa8 27.Nd6 Qa2 28.Rc1 Qb2 29.Qc3 Qa2
30.Nxb5 Qd5 31.Nc7  1-0

[Event "46th Annual World Open"]
[Site "Philadelphia USA"]
[Date "2018.07.08"]
[Round "8"]
[White "Torres Rosas,L"]
[Black "Krush,I"]
[Result "0-1"]
[WhiteElo "2287"]
[BlackElo "2422"]

1.d4 d5 2.c4 dxc4 3.e4 Nf6 4.e5 Nd5 5.Bxc4 Nb6 6.Bd3 Nc6 7.Ne2 Bg4 8.f3 Be6
9.Nbc3 Qd7 10.Ne4 Bd5 11.Nc5 Qc8 12.a3 e6 13.Qc2 Bxc5 14.Qxc5 Qd7 15.O-O f6
16.exf6 gxf6 17.Be3 O-O-O 18.Qc2 Ne7 19.Rac1 Kb8 20.Kh1 Bc6 21.Bf2 Nbd5 22.Qd2 Bb5
23.Be4 Nf5 24.Rg1 Bxe2 25.Qxe2 h5 26.Rge1 Rde8 27.g3 h4 28.g4 Ng3+ 29.hxg3 hxg3+
30.Kg1 Nf4 31.Qe3 gxf2+ 32.Kxf2 Rh2+ 33.Kg1 Rg2+ 34.Kf1 Qb5+ 35.Bd3 Qg5 36.Rc2 Rxc2
37.Bxc2 Rh8 38.Qg1 Qb5+  0-1

[Event "15th South Wales Int 2018"]
[Site "Cardiff WLS"]
[Date "2018.07.09"]
[Round "5.31"]
[White "Hurn,R"]
[Black "O'Rourke,Kevin"]
[Result "1-0"]
[WhiteElo "1609"]
[BlackElo "1276"]

1.d4 d5 2.c4 dxc4 3.e4 Nf6 4.e5 Nd5 5.Bxc4 e6 6.Nf3 Bb4+ 7.Bd2 Bxd2+ 8.Qxd2 c6
9.Nc3 Nb6 10.Bd3 Nd5 11.O-O b5 12.Ne4 h6 13.Nd6+ Ke7 14.Rac1 Rf8 15.Rfe1 f6
16.Nh4 Kd7 17.Ng6 f5 18.Nxf8+ Qxf8 19.a3 f4 20.Be4 Ne7 21.Nxb5 Nd5 22.Nd6 g5
23.b4 g4 24.b5 f3 25.bxc6+ Nxc6 26.Qc2 Bb7 27.Nxb7 Rc8 28.Qa4 fxg2 29.Bxg2 Rc7
30.Na5 Qa8 31.Nxc6 Rxc6 32.Qxc6+ Qxc6 33.Rxc6 Kxc6 34.Rc1+ Kb5 35.Rc5+ Ka4
36.Bxd5 exd5 37.Rxd5 Kxa3 38.Ra5+ Kb4 39.Rxa7 Kc4 40.Rd7 h5 41.e6  1-0

[Event "Lueneburg GM 2018"]
[Site "Lueneburg GER"]
[Date "2018.07.10"]
[Round "6.2"]
[White "Barath,M"]
[Black "Malakhatko,V"]
[Result "0-1"]
[WhiteElo "2321"]
[BlackElo "2499"]

1.d4 d5 2.c4 dxc4 3.e4 Nf6 4.e5 Nd5 5.Bxc4 Nb6 6.Bd3 Nc6 7.Be3 Nb4 8.Be4 N4d5
9.Nc3 c6 10.Nf3 g6 11.h4 Nxe3 12.fxe3 Bg4 13.Qd3 Bh6 14.Ng5 Qd7 15.Bf3 Bf5
16.e4 Be6 17.Rd1 Bc4 18.Qc2 f6 19.Na4 Nxa4 20.Qxc4 Bxg5 21.Qxa4 Bf4 22.exf6 exf6
23.O-O O-O 24.Qb3+ Kh8 25.Be2 Bc7 26.h5 Bb6 27.Qd3 Rad8 28.Kh1 Bxd4 29.e5 fxe5
30.hxg6 Qg7 31.g3 Qxg6 32.Qxg6 hxg6 33.b3 Kg7 34.Kg2 Rxf1 35.Rxf1 e4 36.Bc4 Rd7
37.Re1 Re7 38.Bd3 e3 39.Re2 Rf7 40.Kh3 Rf2 41.Kg4 Kf6 42.Rxf2+ exf2 43.Kf4 b5
44.Ke4 Bb6 45.Kf4 a6 46.Ke4 Ke6 47.Bf1 Kd6 48.Kd3 Kc5 49.Kc3 Ba5+ 50.Kd3 Kb4
51.Kc2 Bc7 52.g4 g5 53.Be2 Be5 54.Bf1 Ka3 55.Kb1 a5 56.Be2 a4 57.bxa4 Kxa4
58.Kc2 c5 59.Bf1 c4  0-1

[Event "22nd Battle of Senta Open"]
[Site "Senta SRB"]
[Date "2018.07.15"]
[Round "3.20"]
[White "Otawa,Yuto"]
[Black "Toncheva,Nadya"]
[Result "1-0"]
[WhiteElo "2140"]
[BlackElo "1975"]

1.d4 d5 2.c4 dxc4 3.e4 e5 4.Nf3 exd4 5.Bxc4 Bb4+ 6.Nbd2 Nc6 7.O-O Nge7 8.Ng5 Ne5
9.Nxf7 Nxf7 10.Bxf7+ Kxf7 11.Qb3+ Be6 12.Qxb4 b6 13.Nf3 h6 14.Ne5+ Kg8 15.f4 c5
16.Qe1 Qd6 17.Qg3 h5 18.f5 h4 19.Qg5 Bxf5 20.Nc4 Qe6 21.exf5 Nxf5 22.Qxf5 Qxc4
23.Bg5 d3 24.Rf4 Qc2 25.Qf7+  1-0

[Event "41st Eastman Open 2018"]
[Site "Ghent BEL"]
[Date "2018.07.17"]
[Round "7.1"]
[White "Moradiabadi,E"]
[Black "Malakhatko,V"]
[Result "1/2-1/2"]
[WhiteElo "2538"]
[BlackElo "2499"]

1.d4 d5 2.c4 dxc4 3.e4 Nf6 4.e5 Nd5 5.Bxc4 Nb6 6.Bd3 Nc6 7.Ne2 Bg4 8.Be3 Nb4
9.Be4 N4d5 10.Nbc3 c6 11.O-O e6 12.Qc2 Bh5 13.Rad1 Be7 14.Bc1 Bg6 15.f4 O-O
16.g4 Bxe4 17.Qxe4 Qd7 18.f5 f6 19.Rd3 Rae8 20.Rh3 exf5 21.Rxf5 fxe5 22.Rxf8+ Kxf8
23.Qxh7 Nf6 24.Qd3 Qxg4+ 25.Rg3 e4 26.Qe3 Qf5 27.Nf4 Bd6 28.Ng6+ Kg8 29.Rg5 Qf3
30.Qxf3 exf3 31.Ne5 Bxe5 32.Rxe5 Rxe5 33.dxe5 Nfd7 34.e6 Nc5 35.Be3 Nxe6
36.Kf2 Nc4 37.Bxa7 Nxb2 38.Kxf3 Nc4 39.Ne4 Kf7 40.Kg4 b5 41.Kf5 g6+ 42.Kg4 Ne5+
43.Kg3 Nd3 44.Kf3 Nb4 45.Nc3 Nd5 46.Ne4 Ke7 47.Ke2 Nef4+ 48.Kd2 Ke6 49.a4 bxa4
50.Nc5+ Kf5 51.Nxa4 Ne6 52.Kd3 g5 53.Nb2 Kg4 54.Ke4 Nef4 55.Nc4 Nc3+ 56.Ke5 Kf3
57.Kf5 Nh3 58.Ne5+ Kg2 59.Nf7 Kxh2  1/2-1/2

[Event "22nd Battle of Senta Open"]
[Site "Senta SRB"]
[Date "2018.07.17"]
[Round "5.17"]
[White "Osaka,Takuma"]
[Black "Mihov,Filip"]
[Result "0-1"]
[WhiteElo "1938"]
[BlackElo "2160"]

1.d4 d5 2.c4 dxc4 3.e4 c5 4.d5 Nf6 5.Nc3 b5 6.Bf4 Qa5 7.Qc2 Na6 8.Nf3 e6
9.Nd2 Nb4 10.Qb1 exd5 11.a3 Nc6 12.Nxd5 Nxd5 13.exd5 Nd4 14.Qe4+ Be7 15.d6 O-O
16.dxe7 Re8 17.Qxa8 Nc2+ 18.Kd1 Bg4+ 19.f3 Rxa8 20.Kxc2 Qa4+ 21.Kc1 Be6 22.Bd6 Qa6
23.Bxc5 Qc6 24.Bd4 Qd6 25.Bc3 Qxe7 26.Be2 Bh3 27.Bd1 Bf5 28.Bc2 Bd3 29.Bxd3 cxd3
30.Nb3 Qe2 31.Kb1 Qxg2 32.Ka2 Qxf3 33.Rhg1 g6 34.Rg3 Qd5 35.Rd1 Rd8 36.Rd2 Qc4
37.Bf6 Rd6 38.Be5 Rd5 39.Bc3 f5 40.Re3 Kf7 41.Bb4 Rd7 42.Re5 f4 43.Rf2 a6
44.Rc5 Qe4 45.Nd2 Qe6+ 46.b3 Qg4 47.Rc8 g5 48.Rf8+ Kg7 49.Rc8 Qd1 50.Ne4 h6
51.Bf8+ Kg6 52.Bb4 Kf5 53.Re8 Rc7 54.Nc5 a5 55.Re1 Qh5 56.Ne6 axb4 57.Nxc7 bxa3
58.Ne6 Qh4 59.Nd4+ Kf6 60.Re6+ Kf7 61.Rd2 Qh3 62.Rd6 Qe3 63.Rd1 b4 64.Kb1 Qf2
65.Rd7+ Ke8  0-1

[Event "29th Czech Rapid G1 2018"]
[Site "Pardubice CZE"]
[Date "2018.07.19"]
[Round "5.57"]
[White "Straka,Vojtech"]
[Black "Kyrychenko,Maryan"]
[Result "0-1"]
[WhiteElo "1977"]
[BlackElo "2152"]

1.d4 d5 2.c4 dxc4 3.e4 e5 4.d5 Nf6 5.Nc3 Bc5 6.Bg5 h6 7.Bh4 O-O 8.Bxc4 a6
9.a3 b5 10.Bb3 Nbd7 11.h3 b4 12.axb4 Bxb4 13.Bc2 Nc5 14.Bxf6 Qxf6 15.Ne2 Qg6
16.Ng3 a5 17.O-O Ba6 18.Re1 Rad8 19.Re3 Ne6 20.Nf5 Kh8 21.Qc1 Nf4 22.Rg3 Bxc3
23.Rxg6 Ne2+ 24.Kh2 Nxc1 25.Rxa6 Bd2 26.Ne3 Ne2 27.Nc4 Bb4 28.Nxe5 Bd6 29.Rxd6 cxd6
30.Nc6 Ra8 31.g3 Rfc8 32.Bd3 Rxc6 33.dxc6 Nd4 34.Rc1 Rc8 35.c7 Ne6 36.Rc6 Rxc7
37.Rxd6 Rb7 38.e5 Rxb2 39.Ra6 g6 40.Bxg6 Rxf2+ 41.Kg1 Rf3 42.Bxf7 Nc7 43.Rf6 Rxg3+
44.Kh2 Rc3 45.e6 Kg7 46.Rf5 a4 47.Ra5 a3 48.h4 Kf6 49.Bg8 Ke7 50.Kg2 Nxe6
51.Re5 Rc6 52.Bxe6 Rxe6 53.Ra5 Re3 54.Kf2 Rb3 55.h5 Kd6 56.Ra6+ Kc5 57.Rxh6 Rb6
58.Rh8 Ra6 59.Rc8+ Kb4 60.Rb8+ Ka4 61.Rb1 a2 62.Ra1 Kb3 63.Kg3 Ra4 64.Rf1 Rc4
65.h6 Rc6 66.Rf3+ Kb4 67.Rf4+ Kb5 68.Rf5+ Kb6 69.Rf1 Rg6+ 70.Kh4 Rxh6+ 71.Kg5 Rh2
72.Kf4 Kb5 73.Ke3 Kb4 74.Kd3 Kb3 75.Rf8 Rh3+ 76.Kd2 a1=Q 77.Rb8+ Ka2 78.Ra8+ Ra3
79.Rc8 Qd4+ 80.Kc2 Qf2+ 81.Kc1 Qb2+ 82.Kd1 Rd3+ 83.Ke1 Qd2+ 84.Kf1 Rf3+  0-1

[Event "Xtracon Chess Open 2018"]
[Site "Helsingor DEN"]
[Date "2018.07.23"]
[Round "4.23"]
[White "Moradiabadi,E"]
[Black "Lammers,M"]
[Result "1-0"]
[WhiteElo "2538"]
[BlackElo "2293"]

1.d4 d5 2.c4 dxc4 3.e4 c5 4.d5 Nf6 5.Qa4+ Bd7 6.Qxc4 e6 7.Nc3 Na6 8.Bg5 Be7
9.Nf3 Nxd5 10.exd5 Bxg5 11.dxe6 Bxe6 12.Qa4+ Kf8 13.Bxa6 bxa6 14.Rd1 Qe7
15.O-O Bf6 16.Nd5 Bxd5 17.Rxd5 Qb7 18.Rd7 Qb5 19.Qd1 c4 20.a4 Qf5 21.Qd6+ Kg8
22.Rxa7 Rc8 23.Nd4 Qd3 24.Qxa6 Rf8 25.Ne6 Rb8 26.Ra8  1-0

[Event "Xtracon Chess Open 2018"]
[Site "Helsingor DEN"]
[Date "2018.07.26"]
[Round "7.123"]
[White "Jessen,Alexander"]
[Black "Kallenbach,Olav"]
[Result "1-0"]
[WhiteElo "2071"]
[BlackElo "1838"]

1.d4 d5 2.c4 dxc4 3.e4 Nf6 4.Nc3 e5 5.Nf3 exd4 6.Nxd4 Bc5 7.Be3 O-O 8.Ndb5 Qe7
9.Qf3 a6 10.Nd4 Bg4 11.Qf4 Bd6 12.Nf5 Bxf5 13.Qxf5 b5 14.Bg5 Nbd7 15.f4 b4
16.Nd5 Qxe4+ 17.Qxe4 Nxe4 18.Bxc4 Nxg5 19.fxg5 Rfe8+ 20.Kd1 c6 21.Rf1 Re4
22.Nb6 Rd4+ 23.Kc2 Nxb6 24.Bxf7+ Kh8 25.g6 hxg6 26.Rad1 Rf4 27.Rd3 Rxf7 28.Rxf7 Be5
29.Re3 Bf6 30.Rc7 Nd5 31.Rh3+ Kg8 32.Rxc6 Nf4 33.Re3 Nxg2 34.Re4 a5 35.b3 g5
36.Rc5 Nh4 37.Kd3 Nf5 38.Rxf5 Rd8+ 39.Ke3 Rd1 40.Rxa5 Rh1 41.Rxb4 Rxh2 42.Rc4 Kh7
43.b4 Rg2 44.Kf3 Rg1 45.Ra3 Kg6 46.Rb3 Kh5 47.b5 Be5 48.b6 Rf1+ 49.Kg2 Ra1
50.Rc2 g4 51.Rb5  1-0

[Event "44th Sitges Open 2018"]
[Site "Sitges ESP"]
[Date "2018.07.26"]
[Round "6.9"]
[White "Esplugas Esteve,V1"]
[Black "Frayna,Janelle Mae"]
[Result "1/2-1/2"]
[WhiteElo "2335"]
[BlackElo "2315"]

1.d4 d5 2.c4 dxc4 3.e4 Nc6 4.Nf3 Nf6 5.d5 Nxe4 6.Bxc4 e6 7.O-O Bc5 8.dxc6 Bxf2+
9.Kh1 Qxd1 10.Rxd1 Bb6 11.Rf1 Nf2+ 12.Rxf2 Bxf2 13.Bf4 Bb6 14.a4 a5 15.Bb5 Ke7
16.Na3 f6 17.Nc4 e5 18.Nxb6 cxb6 19.cxb7 Bxb7 20.Be3 Bd5 21.Bxb6 Rac8 22.Rd1 Ke6
23.Kg1 g5 24.Ne1 e4 25.Be3 h5 26.Be2 Bb3 27.Rd4 Ke5 28.Bxh5 Rhd8 29.Rxd8 Rxd8
30.Bb6 Rd5 31.Bc7+ Ke6 32.g4 Bxa4 33.Bg6 Kd7 34.Bb6 Rd2 35.Bxa5 Rxb2 36.Bc3 Re2
37.Bf7 Re3 38.Bb4 Bd1 39.Ng2 Rd3 40.Bc4 Rh3 41.Bd5 Bxg4 42.Bxe4 f5 43.Bc2 f4
44.Bd2 Ra3 45.h4 gxh4 46.Bxf4 Ra2 47.Ne3 Be6 48.Bf5 h3 49.Bd3 Ke7 50.Bf1 Kf6
51.Bd3 Ra4 52.Bh6 Ra3 53.Bf1 Kg6 54.Bf4 Ra2 55.Bd3+ Kf6 56.Bf1 Ra4 57.Bg3 Ra2
58.Bf4 Ra4 59.Bg3 Kg5 60.Kf2 Ra2+  1/2-1/2

[Event "78th ch-ITA Semi-Final"]
[Site "Alessandria ITA"]
[Date "2018.07.27"]
[Round "7.8"]
[White "Bifulco,M"]
[Black "Lumachi,Gabriele"]
[Result "1/2-1/2"]
[WhiteElo "2297"]
[BlackElo "2106"]

1.d4 d5 2.c4 dxc4 3.e4 Nc6 4.Nf3 Bg4 5.d5 Ne5 6.Bf4 Ng6 7.Be3 Nf6 8.Nc3 e5
9.Bxc4 a6 10.h3 Bd7 11.O-O b5 12.Bd3 Bd6 13.Rc1 O-O 14.a4 Rb8 15.axb5 axb5
16.Ne2 Qe7 17.Re1 Nh5 18.g4 Nhf4 19.Nxf4 exf4 20.Bd4 f6 21.Re2  1/2-1/2

[Event "29th Czech Open A 2018"]
[Site "Pardubice CZE"]
[Date "2018.07.28"]
[Round "9.39"]
[White "Erenberg,Ariel"]
[Black "Head,Louise"]
[Result "1-0"]
[WhiteElo "2413"]
[BlackElo "2097"]

1.d4 d5 2.c4 dxc4 3.e4 c5 4.d5 e6 5.Bxc4 Nf6 6.Nc3 exd5 7.Nxd5 Nxd5 8.Bxd5 Be7
9.Nf3 Nd7 10.Qe2 O-O 11.O-O Nb6 12.Bb3 Qc7 13.Be3 Bg4 14.h3 Bxf3 15.Qxf3 Qe5
16.Rac1 c4 17.Bxc4 Nxc4 18.Rxc4 Qxb2 19.Bd4 Qxa2 20.Qg4 f6 21.Rfc1 Qa6 22.Rc7 Rf7
23.Rd7 Bf8 24.Rxf7 Kxf7 25.Rc7+ Kg8 26.e5 fxe5 27.Bxe5 Qg6 28.Qc4+ Kh8 29.Rxb7 Re8
30.f4 a6 31.Kh2 Qe6 32.Qxe6 Rxe6 33.Bxg7+ Bxg7 34.Rb8+ Bf8 35.Rxf8+ Kg7 36.Ra8 h5
37.g4 h4 38.Kg2 Re2+ 39.Kf3 Rh2 40.Ra7+ Kf8 41.g5 Rxh3+ 42.Kg4 Rh1 43.Rxa6 h3
44.Rh6 h2 45.Kg3 Rg1+ 46.Kxh2 Rg4 47.Rf6+ Kg7 48.Kh3 Rg1 49.Ra6 Kf7 50.Kh4 Rg2
51.Kh5 Rg1 52.Ra7+ Ke6 53.Kg6  1-0

[Event "Hungarian Youth Teams 2018"]
[Site "Zalakaros HUN"]
[Date "2018.07.28"]
[Round "5.2.1"]
[White "Polyik,Peter"]
[Black "Bohus,Adam"]
[Result "1-0"]
[WhiteElo "2288"]
[BlackElo "2246"]

1.d4 d5 2.c4 dxc4 3.e4 b5 4.a4 c6 5.axb5 cxb5 6.Nc3 a6 7.Nxb5 axb5 8.Rxa8 Bb7
9.Ra2 e6 10.f3 Nc6 11.b3 Bb4+ 12.Kf2 Bc5 13.Ne2 e5 14.bxc4 exd4 15.cxb5 Nb4
16.Rb2 d3+ 17.Be3 Qb6 18.Qd2 Nf6 19.Bxc5 Qxc5+ 20.Qe3 dxe2 21.Bxe2 Qe7 22.Rhb1 Nxe4+
23.fxe4 Qh4+ 24.Kg1  1-0

[Event "78th ch-ITA Semi-Final"]
[Site "Alessandria ITA"]
[Date "2018.07.29"]
[Round "9.12"]
[White "Ubezio,M"]
[Black "Podetti,Davide"]
[Result "1/2-1/2"]
[WhiteElo "2138"]
[BlackElo "2188"]

1.d4 d5 2.c4 dxc4 3.e4 e5 4.Nf3 exd4 5.Bxc4 Bb4+ 6.Bd2 Bxd2+ 7.Nbxd2 Nc6
8.O-O Nge7 9.Ng5 Ne5 10.Bb3 N7g6 11.f4 Bg4 12.Bxf7+ Nxf7 13.Qxg4 Nxg5 14.fxg5 Qc8
15.Qf5 Rf8 16.Qd5 c6 17.Qxd4 Qd7 18.Rxf8+ Nxf8 19.Qe5+ Ne6 20.Nf3 O-O-O 21.Re1 Rf8
22.b4 a6 23.a4 Nf4 24.Qc5 Re8 25.Qf5 Qxf5 26.exf5 Rxe1+ 27.Nxe1 Kd7 28.Kf2 Kd6
29.Kf3 Nd5 30.Nd3 b6 31.h4 c5 32.bxc5+ bxc5 33.h5 c4 34.Nf4 c3 35.Nd3 c2
36.f6 gxf6 37.g6 h6 38.g7 Ne7 39.Ke2 Ke6 40.Kd2 Kf7 41.Nc5 Kxg7 42.Nxa6 f5
43.Nc5 Kf6 44.a5 Nc6 45.a6 Kg5 46.Kxc2 Nb4+ 47.Kd2 Nxa6 48.Nxa6 Kxh5 49.Ke3 Kg4
50.Kf2 h5 51.Nb4 h4 52.Nd3 h3 53.g3 h2  1/2-1/2

[Event "105th ch-GBR 2018"]
[Site "Hull ENG"]
[Date "2018.07.30"]
[Round "3.20"]
[White "Bradbury,N"]
[Black "Longson,Sarah N"]
[Result "1-0"]
[WhiteElo "2348"]
[BlackElo "2123"]

1.d4 d5 2.c4 dxc4 3.e4 Nc6 4.Be3 Nf6 5.f3 e5 6.d5 Nd4 7.Bxd4 exd4 8.Qxd4 c5
9.Qxc4 Bd6 10.Nc3 O-O 11.g3 a6 12.Qe2 b5 13.Bg2 b4 14.Nd1 Re8 15.Ne3 Bb7
16.Rd1 Be5 17.Qd2 Bd4 18.Ne2 Bxe3 19.Qxe3 Nxd5 20.Qxc5 Rc8 21.Qa7 Qa5 22.Kf2 Rc7
23.Qd4 Nf6 24.Rc1 Rd7 25.Qc5 Qxa2 26.Qxb4 a5 27.Qc3 Ba6 28.Rhd1 Rb7 29.Rd2 Rb3
30.Qd4 Rb4 31.Qc3 Rb3 32.Ra1 Qxa1 33.Qxb3 h6 34.Rd1 Bc4 35.Rxa1 Bxb3 36.Rxa5 Rb8
37.e5 Nd7 38.f4 Bc4 39.Ra8 Rxa8 40.Bxa8 Nc5 41.Nc1 g5 42.Ke3 Bf1 43.Bd5 gxf4+
44.gxf4 Na4 45.b3 Nb6 46.Bc6 Kg7 47.Kd4 Bh3 48.Kc5 Nc8 49.b4 f6 50.Ne2 Kf7
51.b5 Bf1 52.Nd4 fxe5 53.fxe5 h5 54.b6 Nxb6 55.Kxb6 Bd3 56.Kc7 Ke7 57.Bd7  1-0

[Event "6th Famalicao Open 2018"]
[Site "Vila Nova de Famalicao POR"]
[Date "2018.07.30"]
[Round "3.11"]
[White "Petkov,V"]
[Black "Santos,Jose Miguel Sereno"]
[Result "1-0"]
[WhiteElo "2494"]
[BlackElo "1622"]

1.d4 d5 2.c4 dxc4 3.e4 e5 4.Nf3 exd4 5.Bxc4 Bc5 6.Qb3 Qe7 7.O-O Nd7 8.e5 Nb6
9.Bg5 Qf8 10.Bxf7+ Qxf7 11.Qb5+ c6 12.Qxc5 Be6 13.Nxd4 Bd5 14.Nc3 h6 15.Bh4 g5
16.Bg3 Nc4 17.Nxd5 Qxd5 18.Qxd5 cxd5 19.b3 Nd2 20.Rfc1 Rh7 21.f3 h5 22.Be1 Nxf3+
23.gxf3 Nh6 24.Bd2 g4 25.Bxh6 Rxh6 26.f4 h4 27.Rc7 b6 28.Rac1 h3 29.Nf5  1-0

[Event "TCh-TUR Super League 2018"]
[Site "Ankara TUR"]
[Date "2018.08.01"]
[Round "8.2.5"]
[White "Nechaeva,Marina"]
[Black "Savina,A"]
[Result "1-0"]
[WhiteElo "2410"]
[BlackElo "2342"]

1.d4 d5 2.c4 dxc4 3.e4 e5 4.Nf3 exd4 5.Bxc4 Nc6 6.O-O Be6 7.Bb5 Bc5 8.b4 Bb6
9.a4 a6 10.Bxc6+ bxc6 11.a5 Ba7 12.Bb2 Nf6 13.Bxd4 Nxe4 14.Bxa7 Qxd1 15.Rxd1 Rxa7
16.Ne5 Bd5 17.f3 Nf6 18.Nc3 Nd7 19.Rxd5 cxd5 20.Nc6 Rb7 21.Re1+ Kf8 22.Nxd5 Nf6
23.Nf4 g5 24.Nd3 Nd7 25.Re4 h5 26.Rd4 Nb8 27.Nce5 Kg7 28.h4 gxh4 29.Rxh4 Rb5
30.Rc4 Re8 31.f4 Re7 32.Nc5 f6 33.Nf3 Nc6 34.Nxa6 Nxb4 35.Nxb4 Rxa5 36.Nc6 Ra1+
37.Kh2 Rd7 38.Ncd4 Kf7 39.Kg3 Ra2 40.Nb5 Kg8 41.Rxc7 Rxc7 42.Nxc7 Kf7 43.Nd5 Ra5
44.Ne3 Ra3 45.Nf5 Ra5 46.N5d4 Ra2 47.Kh3 Kg6 48.Nh4+ Kh6 49.Nhf5+ Kg6 50.Ng3 Ra4
51.Nde2 Ra2 52.Kh4 Kh6 53.Kh3 Kg6 54.Nc3 Ra3 55.Nce4 f5 56.Nc5 Rc3 57.Ne6 Rd3
58.Kh2 h4 59.Ne2 Kh5 60.N2d4 Kg4 61.Nf3 Kh5 62.Ng7+ Kg4 63.Ne5+ Kxf4 64.Nxd3+ Kg4
65.Ne5+  1-0

[Event "Liepajas Rokade Open 2018"]
[Site "Liepaja LAT"]
[Date "2018.08.02"]
[Round "3.4"]
[White "Laurusas,T"]
[Black "Laimins,L"]
[Result "1-0"]
[WhiteElo "2463"]
[BlackElo "2224"]

1.d4 d5 2.c4 dxc4 3.e4 e5 4.Nf3 exd4 5.Bxc4 Nc6 6.O-O Be6 7.Bxe6 fxe6 8.Qb3 Qd7
9.Qxb7 Rb8 10.Qa6 Nf6 11.Nbd2 Bd6 12.a3 O-O 13.b4 Ng4 14.h3 Nge5 15.Nxe5 Nxe5
16.Nb3 Rb6 17.Qe2 Ng6 18.Qc4 d3 19.Rd1 Rd8 20.Be3 Rc6 21.Nc5 Bxc5 22.bxc5 Ne5
23.Qc3 Ng6 24.Rd2 e5 25.Rad1 Qe6 26.Rxd3 Rxd3 27.Qxd3 Nf4 28.Qd8+ Kf7 29.Rd7+ Kg6
30.Rxc7 Ra6 31.Qf8 Qf6 32.Qe8+ Kh6 33.g3 Qg5 34.h4 Qg4 35.Qxe5  1-0